| 000 | 00544nam a22001937a 4500 | ||
|---|---|---|---|
| 003 | KOHA_MİRAKIL | ||
| 005 | 20251224125736.0 | ||
| 008 | 251224b tu ||||| |||| 00| 0 tur d | ||
| 020 | _a9786257280129 | ||
| 040 |
_aTR-AnABB _btur _cTR-AnABB |
||
| 041 | _atur | ||
| 082 |
_a532 _bONS 2020 |
||
| 100 | 1 | _aÖnsoy, Hızır, | |
| 245 | 1 | 0 |
_aProblemlerle akışkanlar mekaniği / _cHızır Önsoy |
| 260 |
_aİstanbul : _bArel Üniversitesi Yayınları, _c2020 |
||
| 300 |
_a128 sayfa ; _c21 cm |
||
| 650 | 0 | 4 | _aFizik |
| 942 |
_2ddc _cBK |
||
| 999 |
_c9913 _d9913 |
||
| 900 | _bGizem YORULMAZ | ||